| 000 | 00792nam a2200193 i 4500 | ||
|---|---|---|---|
| 001 | 70200 | ||
| 003 | ES-MaACL | ||
| 005 | 20230906170741.0 | ||
| 007 | t| | ||
| 008 | 040720s1970 sp ||||1| spa d | ||
| 100 | 1 |
_aGarcía Poggio, José Antonio. _955126 |
|
| 245 | 1 | 0 |
_aTratamiento térmico de las aleaciones de aluminio / _cpor José Antonio García Poggio, Enrique Asensi Alvarez-Arenas, Juan Manuel de la Torre Cursach. |
| 260 |
_aMadrid : _bInstituto Nacional de Técnica Aeroespacial "Esteban Terradas", _c1970. |
||
| 300 |
_aVII, 146 p. : _bil. ; _c94 cm. |
||
| 700 | 1 |
_aAsensi Alvarez-Arenas, Enrique. _923574 |
|
| 700 | 1 |
_aTorre Cursach, Juan Manuel de la. _9110771 |
|
| 710 | 2 |
_aInstituto Nacional de Técnica Aeroespacial (España) _95191 |
|
| 852 |
_aES-MaACL _jC-44101 _bR.72805 |
||
| 999 |
_c70200 _d70200 |
||